| 000 | 00492nam a22001812 4500 | ||
|---|---|---|---|
| 001 | 0000006237 | ||
| 005 | 20151021151109.0 | ||
| 008 | 070928s xx 000 0 eng d | ||
| 040 |
_aKABU _cKABU |
||
| 245 | 1 | 0 |
_aSynthesizer basics / _ced. by Brent Hurtig. |
| 250 | _arev. ed. | ||
| 260 |
_aMilwaukee, WI : _b9PI, _c1988. |
||
| 300 | _av, 129 p. | ||
| 700 | 1 |
_aHurtig, Brent. _@0000157638 |
|
| 908 | _a070928 | ||
| 950 | _@1 | ||
| 999 |
_c641 _d641 |
||